| 000 | 01001nam a2200253 a 4500 | ||
|---|---|---|---|
| 001 | BRL_957 | ||
| 005 | 20190320210954.0 | ||
| 008 | 291013s1970----mx-a######---#000-0#spa-# | ||
| 041 | _aspaengfreger | ||
| 044 | _amx | ||
| 050 | 4 |
_aND257.M45 _b.P54 1970 |
|
| 245 | 1 | 0 | _aPiezas maestras de la Pintura Mural Mexicana = Masterpieces of the Mexican Mural Paintings = Chefs d´oeuvre de la Peinture Murale Mexicaine = Meisterwerke der Mexikanischen Wandmalerei |
| 260 |
_aMéxico _bPanorama _c[1970] |
||
| 300 |
_a1 portafolio _bil., 8 láminas _c31 cm. _e+ Folleto (47 p., 22 cm.) |
||
| 500 | _aAu2280 | ||
| 500 | _aTexto en: español, inglés, francés y alemán. | ||
| 600 | 1 | 4 |
_aClemente Orozco, José _d1883-1949 _vBiografía _925444 |
| 600 | 1 | 4 |
_aRivera, Diego _d1886-1957 _vBiografía _925445 |
| 600 | 1 | 4 |
_aAlfaro Siqueiros, David _d1896-1974 _vBiografía _925446 |
| 600 | 1 | 4 |
_aTamayo, Rufino _d1899-1991 _vBiografía _925447 |
| 650 | 1 | 4 |
_apintura mural _zMéxico _95317 |
| 902 | _aGRL | ||
| 942 |
_2lcc _cB |
||
| 999 |
_c9769 _d9769 |
||